000 00527nam a2200169Ia 4500
008 090711s9999 xx 000 0 und d
082 _b39952
100 _aरानडे स. अ.
245 _aमहाराष्ट्र मागे का ?
260 _c1971
300 _a106
600 _aरानडे स. अ.
630 _aमहाराष्ट्र मागे का ?
700 _aरानडे स. अ.
730 _aमहाराष्ट्र मागे का ?
942 _cBOOK
999 _c284948
_d284948